Govt. of
Madhya Pradesh

Normal view MARC view

Entry Personal Name

Number of records used in: 2

001 - CONTROL NUMBER

  • control field: 72722

003 - CONTROL NUMBER IDENTIFIER

  • control field: OSt

005 - DATE AND TIME OF LATEST TRANSACTION

  • control field: 20180605163905.0

008 - FIXED-LENGTH DATA ELEMENTS

  • fixed length control field: 180605|| aca||aabn | a|a d

040 ## - CATALOGING SOURCE

  • Original cataloging agency: OSt
  • Transcribing agency: OSt

100 ## - HEADING--PERSONAL NAME

  • Personal name: सिंंह, संजय कुमार

670 ## - SOURCE DATA FOUND

  • Source citation: Work cat.: (OSt): सिंंह, संजय कुमार , भारतीय राजनीति के युगदृष्‍टा श्री अटल बिहारी वाजपेयी , 2015